Том 1; Страхование рабочих в связи с ответственностью предпринимателей

Մատենագիտական մանրամասներ
Parent link:Страхование рабочих в связи с ответственностью предпринимателей: В 2-х тт./ В. Г. Яроцкий. Том 1.— , 1895
Լեզու:ռուսերեն
Հրապարակվել է:
Խորագրեր:
Ձևաչափ: Գիրք
KOHA link:https://koha.lib.tpu.ru/cgi-bin/koha/opac-detail.pl?biblionumber=307047

MARC

LEADER 00000nam2a2200000 4500
001 307047
005 20231101011607.0
035 |a (RuTPU)RU\TPU\book\332325 
090 |a 307047 
100 |a 20151014d1895 k y0rusy50 ca 
101 0 |a rus 
102 |a RU 
105 |a y z 000zy 
200 0 |a Том 1 
215 |a IV, X, 496 с. 
317 |5 63413507: 68//316  |a Поступила в НТБ в 1905 г. в составе книжного собрания Н. А. Сборовского. 
461 1 |0 (RuTPU)RU\TPU\book\332323  |t Страхование рабочих в связи с ответственностью предпринимателей  |o В 2-х тт.  |f В. Г. Яроцкий  |v Том 1  |d 1895 
610 1 |a рабочий класс 
610 1 |a страхование 
610 1 |a история 
610 1 |a европейские государства 
610 1 |a Россия 
610 1 |a 19 век 
610 1 |a коллекция Н. А. Сборовского 
686 |a У9(2)271  |v LBC/SL-A  |2 rubbk 
801 1 |a RU  |b 63413507  |c 20151014 
801 2 |a RU  |b 63413507  |c 20170320  |g RCR 
942 |c BK